[Event "Titled Tue 24th Jun Early"]
[Site "chess.com INT"]
[Date "2025.06.24"]
[Round "8"]
[White "Rogov, Matfey"]
[Black "Zlatin, Alexander"]
[Result "1-0"]
[WhiteTitle "FM"]
[BlackTitle "FM"]
[WhiteElo "2348"]
[BlackElo "2313"]
[WhiteFideId "44191308"]
[BlackFideId "2810549"]
[EventDate "2025.06.24"]

1. h4 e5 2. e4 Nc6 3. Nc3 Be7 4. Bc4 Bxh4 5. Qh5 Bxf2+ 6. Kxf2 g6 7. Qf3 Nf6 8.
Nd5 Nxd5 9. Bxd5 Qe7 10. Ne2 d6 11. Bxc6+ bxc6 12. d4 f5 13. exf5 O-O 14. g4
Bxf5 15. gxf5 Rxf5 16. Bf4 exf4 17. Rae1 Raf8 18. Nc3 Qg7 19. Qe4 d5 20. Qe6+
Kh8 21. Rd1 g5 22. Rh6 g4 23. Rdh1 g3+ 24. Kf3 R8f6 25. Rxf6 Rxf6 26. Qe8+ Rf8
27. Qe5 Rf6 28. Ne2 g2 29. Rg1 Qf7 30. Rxg2 h6 31. Nxf4 Kh7 32. Rg4 Rf5 33. Rg7+
Qxg7 34. Qxf5+ Kg8 35. Qe6+ Kf8 36. Ng6+ Qxg6 37. Qxg6 c5 38. Kf4 cxd4 39. Ke5 1-0

[Event "Titled Tue 24th Jun Early"]
[Site "chess.com INT"]
[Date "2025.06.24"]
[Round "8"]
[White "Delorme, Axel"]
[Black "Shuvalova, Polina"]
[Result "0-1"]
[WhiteTitle "GM"]
[BlackTitle "IM"]
[WhiteElo "2475"]
[BlackElo "2480"]
[WhiteFideId "632023"]
[BlackFideId "24171760"]
[EventDate "2025.06.24"]

1. e4 c6 2. d4 d5 3. Nc3 dxe4 4. Nxe4 Nf6 5. Nxf6+ exf6 6. Bc4 Be7 7. Nf3 O-O 8.
O-O a5 9. h3 Na6 10. c3 Bf5 11. Re1 Bd6 12. Nh4 Qd7 13. Nxf5 Qxf5 14. Bd3 Qd7
15. Qh5 g6 16. Qf3 f5 17. Bh6 Rfe8 18. Rxe8+ Rxe8 19. Bxa6 bxa6 20. Bd2 Re4 21.
Re1 Qe6 22. Ra1 c5 23. Qd3 cxd4 24. cxd4 a4 25. f3 Rh4 26. Re1 Qd5 27. Bg5 Rxd4
28. Bh6 f6 29. Re8+ Kf7 30. Qe2 Rd1+ 31. Kf2 Bc5+ 32. Kg3 Bd6+ 33. Kf2 Rd3 34.
Rh8 Bc5+ 0-1

[Event "Titled Tue 24th Jun Early"]
[Site "chess.com INT"]
[Date "2025.06.24"]
[Round "8"]
[White "Willim, Michael"]
[Black "Keatinge-Clay, Adrian"]
[Result "1-0"]
[WhiteTitle "CM"]
[BlackTitle "FM"]
[WhiteElo "2024"]
[BlackElo "2232"]
[WhiteFideId "4632435"]
[BlackFideId "2011867"]
[EventDate "2025.06.24"]

1. c4 e5 2. Nc3 Bb4 3. Nd5 Ba5 4. Nf3 c6 5. Nc3 d6 6. g3 Be6 7. c5 Bc7 8. cxd6
Qxd6 9. Bg2 Nf6 10. O-O Nbd7 11. d4 O-O 12. dxe5 Nxe5 13. Bf4 Nxf3+ 14. Bxf3
Qxd1 15. Rfxd1 Bxf4 16. gxf4 Rfd8 17. Na4 Rxd1+ 18. Rxd1 Bxa2 19. Nc5 b6 20.
Bxc6 Rc8 21. Ne4 Nh5 22. e3 f5 23. Bd7 Rc2 24. Nc3 Rxb2 25. Nxa2 Kf7 26. Nc3 g6
27. Bc6 Nf6 28. Bf3 a5 29. Rd6 Rb3 30. Nd5 Rb1+ 31. Kg2 Nxd5 32. Bxd5+ Ke7 33.
Rc6 b5 34. Ra6 a4 35. Bc6 Rb3 36. Ra5 a3 37. Bxb5 Kd6 38. Bc4 Rc3 39. Bg8 h6 40.
h4 Kc6 41. Bf7 Kb6 42. Ra8 Kb5 43. Bxg6 Kb4 44. Bxf5 Kb3 45. Be6+ Kb2 46. f5 Rc6
47. Bd5 Rd6 48. e4 h5 49. Kf3 Rb6 50. Kf4 1-0

[Event "Titled Tue 24th Jun Early"]
[Site "chess.com INT"]
[Date "2025.06.24"]
[Round "8"]
[White "Martinez Alcantara, Jose Eduardo"]
[Black "Szpar, Milosz"]
[Result "1-0"]
[WhiteTitle "GM"]
[BlackTitle "IM"]
[WhiteElo "2611"]
[BlackElo "2495"]
[WhiteFideId "3805662"]
[BlackFideId "1184989"]
[EventDate "2025.06.24"]

1. c4 e6 2. Nf3 Nf6 3. g3 d5 4. Bg2 Be7 5. O-O O-O 6. d3 c5 7. Nc3 d4 8. Na4 Nc6
9. e3 e5 10. exd4 cxd4 11. a3 a5 12. Re1 Qc7 13. Bg5 h6 14. Bxf6 Bxf6 15. Qb3
Bf5 16. Nb6 Rab8 17. Nd2 Bd8 18. Nd5 Qd7 19. Ne4 Bh3 20. Qb5 Bxg2 21. Kxg2 Kh8
22. Qc5 Re8 23. b4 f5 24. Qd6 Qf7 25. Nc5 Bg5 26. b5 Ne7 27. Rxe5 Ng6 28. Re6 f4
29. Rae1 f3+ 30. Kh1 Nf8 31. R6e4 Qh5 32. h4 Bxh4 33. gxh4 Rxe4 34. Rxe4 Qg6 35.
Qg3 Qxg3 36. fxg3 f2 37. Kg2 1-0

[Event "Titled Tue 24th Jun Early"]
[Site "chess.com INT"]
[Date "2025.06.24"]
[Round "8"]
[White "Winkels, Marcel"]
[Black "Fomevor, Cephas Clinton"]
[Result "0-1"]
[WhiteTitle "CM"]
[BlackTitle "CM"]
[WhiteElo "1905"]
[BlackElo "1883"]
[WhiteFideId "1003887"]
[BlackFideId "12601330"]
[EventDate "2025.06.24"]

1. e4 c5 2. d4 cxd4 3. c3 Nf6 4. e5 Nd5 5. cxd4 d6 6. Nf3 dxe5 7. Nxe5 Nc6 8.
Nxc6 bxc6 9. Nc3 g6 10. Be2 Bg7 11. O-O O-O 12. Bf3 Qd6 13. Ne4 Qb4 14. Be3 Qxb2
15. Rc1 Qxa2 16. Rxc6 Nxe3 17. fxe3 Bb7 18. Rc7 Bd5 19. Nc3 Bxf3 20. Qxf3 Qa5
21. Nd5 e6 22. Ne7+ Kh8 23. Rfc1 Qa3 24. R1c3 Qa1+ 25. Rc1 Qa3 26. d5 Be5 27.
R7c2 Qxe7 28. e4 exd5 29. exd5 Qf6 30. Qd3 a5 31. Rf1 Qg7 32. d6 Rfd8 33. d7 f6
34. Qd5 Qxd7 35. Qf3 Qd4+ 36. Kh1 a4 37. Re2 a3 0-1

[Event "Titled Tue 24th Jun Early"]
[Site "chess.com INT"]
[Date "2025.06.24"]
[Round "8"]
[White "Fernandes, Rogerio Paulo Muller"]
[Black "Ivanov, Andrey A."]
[Result "1-0"]
[BlackTitle "CM"]
[WhiteElo "2241"]
[BlackElo "2120"]
[WhiteFideId "2101599"]
[BlackFideId "2514311"]
[EventDate "2025.06.24"]

1. c4 Nf6 2. g3 e6 3. Bg2 d5 4. Nf3 Be7 5. O-O O-O 6. b3 c5 7. Bb2 Nc6 8. e3 d4
9. exd4 cxd4 10. d3 e5 11. Re1 Bd6 12. c5 Bc7 13. a3 a5 14. Nbd2 Be6 15. Qc2 Rc8
16. Nc4 Bxc4 17. Qxc4 Re8 18. b4 axb4 19. axb4 Bb8 20. Ng5 Qc7 21. Ne4 Nxe4 22.
Bxe4 g6 23. Rac1 Qd8 24. b5 Ne7 25. Bxb7 Rc7 26. Bg2 Nf5 27. c6 Ba7 28. Ba3 Bb6
29. Bc5 Qb8 30. Bd5 Kg7 31. Re2 h5 32. Rce1 h4 33. Rxe5 Rxe5 34. Rxe5 Qa7 35.
Bxb6 Qxb6 36. Kg2 Ra7 37. Be4 Qc7 38. Rc5 h3+ 39. Kxh3 Qc8 40. Bxf5 gxf5 41.
Qxd4+ Kg8 42. Kg2 Ra2 43. Rd5 Qc7 44. Rd7 Qa5 45. Rd8+ Kh7 46. Rh8+ Kg6 47. Rg8+
Kh7 48. Qg7# 1-0

[Event "Titled Tue 24th Jun Early"]
[Site "chess.com INT"]
[Date "2025.06.24"]
[Round "8"]
[White "Bluebaum, Matthias"]
[Black "Henriquez Villagra, Cristobal"]
[Result "1-0"]
[WhiteTitle "GM"]
[BlackTitle "GM"]
[WhiteElo "2663"]
[BlackElo "2597"]
[WhiteFideId "24651516"]
[BlackFideId "3409350"]
[EventDate "2025.06.24"]

1. d4 d5 2. c4 e6 3. Nc3 c6 4. Nf3 Nd7 5. Qc2 dxc4 6. e4 b5 7. Be2 Ngf6 8. O-O
Be7 9. b3 cxb3 10. axb3 Bb7 11. e5 Nd5 12. Nxd5 cxd5 13. Bxb5 O-O 14. Bd2 h6 15.
Rfc1 a6 16. Ba5 Qe8 17. Ba4 Rc8 18. Qd2 f6 19. Rxc8 Bxc8 20. Rc1 fxe5 21. dxe5
Qg6 22. Rxc8 Rxc8 23. Bxd7 Bg5 24. Qe2 Rc1+ 25. Be1 Be7 26. h3 Bb4 27. Kh2 Bxe1
28. Nxe1 Qe4 29. Bxe6+ Kh7 30. Qd3 g6 31. Bxd5 Qxe1 32. Be4 Rc7 33. Bxg6+ Kg7
34. Be4 Qa5 35. Qd6 Rf7 36. Qg6+ Kf8 37. Qxh6+ Ke8 38. Bc6+ Kd8 39. Qd6+ Kc8 40.
Qe6+ 1-0

[Event "Titled Tue 24th Jun Early"]
[Site "chess.com INT"]
[Date "2025.06.24"]
[Round "8"]
[White "Yang, Larry"]
[Black "Shapiro, Daniel"]
[Result "0-1"]
[BlackTitle "FM"]
[WhiteElo "2017"]
[BlackElo "2284"]
[WhiteFideId "2637618"]
[BlackFideId "2001780"]
[EventDate "2025.06.24"]

1. e4 c5 2. Nf3 Nc6 3. Bb5 Nf6 4. Bxc6 dxc6 5. Nc3 g6 6. O-O Bg7 7. d3 O-O 8. h3
Nd7 9. Be3 e5 10. a3 Qe7 11. Rb1 a5 12. Qd2 Re8 13. Ne2 Nf8 14. b4 axb4 15. axb4
cxb4 16. Rxb4 Ra2 17. Rfb1 Ne6 18. Nc3 Ra6 19. Rb6 Nd4 20. Bxd4 exd4 21. Ne2
Rxb6 22. Rxb6 Qc5 23. Rb4 Rd8 24. Rc4 Qa7 25. Qb4 Be6 26. Rc5 Bf8 27. Ra5 Qb8
28. Qb6 c5 29. Ra7 Rd7 30. Nf4 Qxf4 31. Ra8 Kg7 32. Qb2 Bd6 33. Rc8 Bxh3 34. e5
Qg4 35. Ne1 Qd1 36. exd6 Qxe1+ 37. Kh2 Be6 38. Qb5 Qe5+ 39. g3 Qxd6 40. Rxc5 Bd5
41. Rc8 Qe6 42. Qc5 Qe1 43. Qxd4+ f6 44. f3 Qe2+ 45. Kg1 Qxf3 46. Qf2 Qh1# 0-1

[Event "Titled Tue 24th Jun Early"]
[Site "chess.com INT"]
[Date "2025.06.24"]
[Round "8"]
[White "Le, Tuan Minh"]
[Black "Ermachenko, Manuel"]
[Result "1/2-1/2"]
[WhiteTitle "GM"]
[BlackTitle "CM"]
[WhiteElo "2598"]
[BlackElo "2277"]
[WhiteFideId "12401153"]
[BlackFideId "24560952"]
[EventDate "2025.06.24"]

1. d4 d5 2. Nf3 e6 3. Bf4 Nf6 4. e3 Bd6 5. Nbd2 c6 6. Bd3 Qc7 7. Bxd6 Qxd6 8.
O-O Nbd7 9. e4 dxe4 10. Nxe4 Nxe4 11. Bxe4 Nf6 12. Bd3 O-O 13. Re1 b6 14. Ne5
Bb7 15. Re3 c5 16. dxc5 Qxc5 17. Qe2 g6 18. Re1 Rad8 19. Rg3 Kg7 20. h4 Nd7 21.
Ng4 Qh5 22. Qd2 Nc5 23. Re5 Qxh4 24. Qf4 f5 25. Rxc5 bxc5 26. Qe5+ Kg8 27. Qxe6+
Rf7 28. Ne5 Bd5 29. Qa6 Re7 30. Nxg6 hxg6 31. Qxg6+ Kf8 32. Rh3 Re1+ 33. Bf1
Rxf1+ 34. Kxf1 Bc4+ 35. Kg1 Rd1+ 36. Kh2 Qf4+ 37. Rg3 Qh4+ 38. Rh3 Qf4+ 39. Rg3
Qh4+ 40. Rh3 1/2-1/2

[Event "Titled Tue 24th Jun Early"]
[Site "chess.com INT"]
[Date "2025.06.24"]
[Round "8"]
[White "Sargissyan, Sargis"]
[Black "Pham, Le Thao Nguyen"]
[Result "0-1"]
[WhiteTitle "FM"]
[BlackTitle "IM"]
[WhiteElo "2206"]
[BlackElo "2357"]
[WhiteFideId "13303210"]
[BlackFideId "12401226"]
[EventDate "2025.06.24"]

1. e4 c5 2. Nf3 e6 3. d4 cxd4 4. Nxd4 a6 5. Nc3 Qc7 6. Bd3 b5 7. O-O Bb7 8. Re1
d6 9. Bg5 Nf6 10. a4 b4 11. Nd5 exd5 12. exd5+ Kd8 13. Qf3 Be7 14. Nf5 Bxd5 15.
Qg3 Nc6 16. Nxe7 Nxe7 17. Bf4 Ne8 18. Re3 h6 19. Rae1 Be6 20. Qf3 Ra7 21. Re4
Qb8 22. Qe2 a5 23. Be3 Rc7 24. Bd4 Nf6 25. Rf4 Nfd5 26. Re4 Rg8 27. Rxe6 fxe6
28. Qxe6 Rb7 29. Be4 Rf8 30. Bxd5 Nxd5 31. Qxd5 Qc7 32. Re6 Kc8 33. Rxd6 Rd8 34.
Be5 Rxd6 35. Bxd6 Qd7 36. Qc4+ Kd8 0-1

[Event "Titled Tue 24th Jun Early"]
[Site "chess.com INT"]
[Date "2025.06.24"]
[Round "8"]
[White "Souleidis, Georgios"]
[Black "Kozak, Antoni"]
[Result "0-1"]
[WhiteTitle "IM"]
[WhiteElo "2418"]
[BlackElo "2426"]
[WhiteFideId "4206827"]
[BlackFideId "21832030"]
[EventDate "2025.06.24"]

1. e4 c5 2. Be2 Nc6 3. f4 d5 4. d3 dxe4 5. dxe4 Qxd1+ 6. Bxd1 e5 7. Nc3 Be6 8.
f5 Bd7 9. Nd5 O-O-O 10. c3 Nge7 11. Nxe7+ Bxe7 12. Nf3 f6 13. Bb3 g6 14. g4 Na5
15. Bd5 Bc6 16. Bxc6 Nxc6 17. Bh6 Rhg8 18. Kf2 c4 19. Be3 gxf5 20. gxf5 Rg4 21.
Nd2 Bc5 22. Nxc4 Rxe4 23. Bxc5 Rxc4 24. Be3 Ne7 25. Ke2 Nxf5 26. Rhf1 Nxe3 27.
Kxe3 Rd6 28. Rf3 Rh4 29. h3 Kd7 30. Rg1 Ke6 31. Rg8 Rd7 32. Re8+ Re7 33. Rf8 Rh6
34. Ra8 a6 35. Rc8 Kf7 36. c4 e4 37. Rg3 Rg6 38. Rg4 f5 39. Rh4 Rg3+ 40. Ke2 Kg7
41. Rc5 Rf3 42. Rd5 e3 0-1

[Event "Titled Tue 24th Jun Early"]
[Site "chess.com INT"]
[Date "2025.06.24"]
[Round "8"]
[White "Gibala, Adam"]
[Black "Berg, Vadim Daskevich"]
[Result "1/2-1/2"]
[WhiteTitle "CM"]
[BlackTitle "IM"]
[WhiteElo "2245"]
[BlackElo "2445"]
[WhiteFideId "21070288"]
[BlackFideId "11601965"]
[EventDate "2025.06.24"]

1. d4 Nf6 2. c4 e6 3. Nc3 Bb4 4. e3 O-O 5. Bd2 d5 6. cxd5 exd5 7. Bd3 c5 8. Nf3
Nc6 9. a3 Bxc3 10. bxc3 Bg4 11. h3 Bh5 12. O-O Bg6 13. Bxg6 hxg6 14. Rb1 Na5 15.
Ne5 Nd7 16. Nd3 b6 17. Qa4 Nc4 18. Bc1 Qe7 19. Nb2 Nxb2 20. Bxb2 Rfc8 21. Qb3
Qd6 22. Rfd1 Nf6 23. c4 dxc4 24. Qxc4 cxd4 25. Qxd4 Qxd4 26. Bxd4 Rc2 27. a4 Ra2
28. Ra1 Rxa1 29. Rxa1 Rc8 30. a5 bxa5 31. Rxa5 Rc1+ 32. Kh2 Ne4 33. f3 Nd2 34.
Kg3 Nb3 35. Rxa7 Nxd4 36. exd4 g5 37. d5 Rd1 38. Rd7 Kf8 39. Kg4 Ke8 40. Ra7
Rxd5 41. g3 Kf8 42. Ra8+ Ke7 43. Ra7+ Kf8 44. Kh5 Kg8 45. g4 Rb5 46. h4 gxh4+
47. Kxh4 g6 48. Kg3 Kg7 49. Ra8 g5 50. Ra1 f6 51. Ra6 Kg6 52. Ra8 Rc5 53. Ra7
Rb5 54. Ra8 Rd5 55. Ra7 Rb5 56. Ra8 1/2-1/2

[Event "Titled Tue 24th Jun Early"]
[Site "chess.com INT"]
[Date "2025.06.24"]
[Round "8"]
[White "Zdorov, Egor Vit"]
[Black "Logozar, Elijah"]
[Result "1-0"]
[WhiteTitle "CM"]
[WhiteElo "2101"]
[BlackElo "1928"]
[WhiteFideId "55688560"]
[BlackFideId "30963788"]
[EventDate "2025.06.24"]

1. d4 Nf6 2. c4 e5 3. dxe5 Ne4 4. a3 d6 5. Nf3 Nc6 6. Bf4 g5 7. Bg3 h5 8. Qd5
Nxg3 9. hxg3 g4 10. Nh4 Nxe5 11. e3 Be6 12. Qe4 Qd7 13. Qxb7 Rc8 14. Nd2 Bg7 15.
Be2 Ke7 16. Qe4 f5 17. Qc2 Rb8 18. Rb1 Qc6 19. O-O Bf6 20. Nxf5+ Bxf5 21. Qxf5
Rbf8 22. Qe4 Qd7 23. f4 gxf3 24. Nxf3 c6 25. Nd4 Kd8 26. Rf5 h4 27. Rbf1 Bg7 28.
Rxf8+ Bxf8 29. gxh4 Be7 30. Nf5 Bf6 31. Rd1 Nf7 32. g3 Be5 33. Bg4 Qb7 34. b4
Rg8 35. Kg2 Qb6 36. c5 Qa6 37. Nxd6 Bxd6 38. cxd6 Re8 39. Qf4 Ne5 40. Qf6+ Re7
41. Qxe7# 1-0

[Event "Titled Tue 24th Jun Early"]
[Site "chess.com INT"]
[Date "2025.06.24"]
[Round "8"]
[White "Gasparyan, Erik R."]
[Black "Pranesh, M"]
[Result "1-0"]
[WhiteTitle "IM"]
[BlackTitle "GM"]
[WhiteElo "2372"]
[BlackElo "2580"]
[WhiteFideId "13315730"]
[BlackFideId "35028600"]
[EventDate "2025.06.24"]

1. Nf3 Nf6 2. g3 b6 3. Bg2 Bb7 4. O-O g6 5. b3 Bg7 6. Bb2 c5 7. c4 O-O 8. Nc3 d5
9. cxd5 Nxd5 10. Qc2 Nb4 11. Qc1 N8c6 12. a3 Na6 13. d3 Nd4 14. Nxd4 Bxg2 15.
Ne6 fxe6 16. Kxg2 Nb8 17. Ne4 Bxb2 18. Qxb2 Qd5 19. Rac1 Nd7 20. Kg1 Rac8 21. b4
c4 22. Nc3 Qh5 23. dxc4 Rxc4 24. Nb1 Re4 25. Nc3 Re5 26. f4 Ref5 27. e4 R5f7 28.
Qe2 Qh3 29. Qg2 Qh6 30. Rcd1 Ne5 31. Qe2 Nc6 32. Qc4 Nb8 33. Qxe6 Qg7 34. e5 Kh8
35. Ne4 h6 36. Rd5 Rf5 37. Rfd1 g5 38. Rd8 Rf7 39. f5 Na6 40. f6 exf6 41. Nxf6
Nc7 42. Qf5 Re7 43. Rxf8+ Qxf8 44. Rd7 Qf7 45. Rxe7 Qxe7 46. Qc8+ Ne8 47. Qxe8+
Qxe8 48. Nxe8 Kg8 49. Nd6 Kf8 50. Nf5 1-0

[Event "Titled Tue 24th Jun Early"]
[Site "chess.com INT"]
[Date "2025.06.24"]
[Round "8"]
[White "Dehtiarov, Roman"]
[Black "Aghaei, Alireza"]
[Result "0-1"]
[WhiteTitle "FM"]
[BlackTitle "CM"]
[WhiteElo "2416"]
[BlackElo "2204"]
[WhiteFideId "14186640"]
[BlackFideId "12509914"]
[EventDate "2025.06.24"]

1. e4 e6 2. d4 d5 3. Nc3 Nf6 4. e5 Nfd7 5. Nce2 c5 6. c3 Nc6 7. f4 Be7 8. Nf3
O-O 9. g3 b5 10. Bh3 b4 11. O-O a5 12. f5 exf5 13. Bxf5 Nb6 14. Bc2 a4 15. Qd3
g6 16. Bh6 Re8 17. dxc5 Bxc5+ 18. Ned4 Ba6 19. Qd2 Bxf1 20. Rxf1 Nxe5 21. Qf4
Nxf3+ 22. Rxf3 Qe7 23. cxb4 Bd6 24. Qd2 Qe1+ 25. Rf1 Qxd2 26. Bxd2 Nc4 27. Bc3
Ne3 28. Rf2 Nxc2 29. Rxc2 Rec8 30. Rd2 a3 31. Nb5 axb2 32. Bxb2 Bxb4 33. Rxd5
Rxa2 34. Bc3 Bxc3 0-1

[Event "Titled Tue 24th Jun Early"]
[Site "chess.com INT"]
[Date "2025.06.24"]
[Round "8"]
[White "Karttunen, Mika"]
[Black "Cornelisse, Lorelei"]
[Result "0-1"]
[WhiteTitle "IM"]
[BlackTitle "WFM"]
[WhiteElo "2490"]
[BlackElo "2138"]
[WhiteFideId "502081"]
[BlackFideId "1087177"]
[EventDate "2025.06.24"]

1. c4 b6 2. Nc3 Bb7 3. e4 e6 4. a3 c5 5. Nf3 Nc6 6. d4 cxd4 7. Nxd4 a6 8. Nxc6
dxc6 9. Qg4 Nf6 10. Qg3 h5 11. e5 h4 12. Qf3 Nd7 13. Qe2 c5 14. f4 h3 15. Ne4
hxg2 16. Bxg2 Qh4+ 17. Ng3 O-O-O 18. Bxb7+ Kxb7 19. Qg2+ Kb8 20. Be3 g5 21. O-O
Bh6 22. f5 Nxe5 23. fxe6 g4 24. Bxh6 Rxh6 25. Nf5 Nf3+ 26. Rxf3 gxf3 27. Nxh4
fxg2 28. Nxg2 Rxe6 29. Nf4 Rg8+ 30. Kh1 Rf6 31. Nd5 Rf2 32. Rg1 Rxg1+ 33. Kxg1
Rxb2 34. h4 b5 35. h5 Rb1+ 36. Kg2 Re1 37. h6 Re6 38. h7 Rh6 39. Nf6 b4 40. axb4
cxb4 41. Nd5 b3 42. Kf3 b2 0-1

[Event "Titled Tue 24th Jun Early"]
[Site "chess.com INT"]
[Date "2025.06.24"]
[Round "8"]
[White "Skliarov, Viktor"]
[Black "Marchesich, Giovanni"]
[Result "1-0"]
[WhiteTitle "IM"]
[BlackTitle "CM"]
[WhiteElo "2334"]
[BlackElo "2189"]
[WhiteFideId "14106736"]
[BlackFideId "2824790"]
[EventDate "2025.06.24"]

1. e4 d5 2. exd5 Qxd5 3. Nc3 Qe5+ 4. Nge2 Qa5 5. d4 Nf6 6. Ng3 Bg4 7. f3 Be6 8.
Bd2 c6 9. Nce4 Qb6 10. Nxf6+ exf6 11. Bc3 Bd6 12. Ne4 Be7 13. Bd3 O-O 14. O-O
Nd7 15. Kh1 g6 16. Qd2 Rfd8 17. Ba5 Qxd4 18. Bxd8 Rxd8 19. Qc3 Qb6 20. Bc4 Bb4
21. Qb3 Bxc4 22. Qxc4 f5 23. Ng5 Ne5 24. Qb3 h6 25. f4 hxg5 26. fxe5 Rd5 27. c3
Bc5 28. Qxb6 Bxb6 29. Rfe1 Rd2 30. Rab1 Kf8 31. e6 f6 32. Red1 Re2 33. Rd7 Rxe6
34. Rxb7 Re2 35. a4 f4 36. a5 Be3 37. b4 g4 38. Rd1 Ke8 39. c4 f3 40. gxf3 gxf3
41. Rf1 f2 42. Kg2 Rc2 43. b5 Rxc4 44. b6 axb6 45. a6 b5 46. a7 Ra4 47. Rb8+ Kd7
48. a8=Q Rxa8 49. Rxa8 b4 50. Rb8 c5 51. Kf3 Bd4 52. Rxf2 Bxf2 53. Kxf2 Kd6 54.
Ke3 f5 55. Rg8 Kd5 56. Rxg6 b3 57. Kd2 c4 58. Kc3 f4 1-0

[Event "Titled Tue 24th Jun Early"]
[Site "chess.com INT"]
[Date "2025.06.24"]
[Round "8"]
[White "Burmakin, Evgeniy"]
[Black "Lowinger, Daniel"]
[Result "0-1"]
[WhiteTitle "FM"]
[WhiteElo "2110"]
[BlackElo "2086"]
[WhiteFideId "4163729"]
[BlackFideId "2005557"]
[EventDate "2025.06.24"]

1. e4 c5 2. Nf3 Nc6 3. Bb5 Nf6 4. Nc3 g6 5. e5 Ng4 6. Bxc6 dxc6 7. h3 Nh6 8. g4
Bg7 9. d3 O-O 10. Be3 f6 11. Qd2 Nf7 12. exf6 exf6 13. Bxc5 Re8+ 14. Be3 f5 15.
gxf5 Bxf5 16. O-O-O a5 17. Rdg1 a4 18. a3 b5 19. Bc5 Bh6 20. Be3 Bg7 21. Bc5 Qb8
22. h4 Bh6 23. Ng5 Ne5 24. Rg3 Ng4 25. Rxg4 Bxg4 26. Nce4 Qe5 27. Bb4 Rf8 28.
Bc3 Qf4 29. Qxf4 Rxf4 30. Nf6+ Kf8 31. Nfxh7+ Ke7 32. Re1+ Kd8 33. Nf6 Bf5 34.
Re8+ Kc7 35. Rxa8 Rxf2 36. Be5+ Kb7 37. Rb8+ Ka7 38. Rd8 Rf1+ 39. Kd2 Rh1 0-1

[Event "Titled Tue 24th Jun Early"]
[Site "chess.com INT"]
[Date "2025.06.24"]
[Round "8"]
[White "Kawka, Milena"]
[Black "Sahetchian, Armand"]
[Result "1-0"]
[WhiteTitle "WCM"]
[BlackTitle "CM"]
[WhiteElo "2003"]
[BlackElo "2024"]
[WhiteFideId "21095167"]
[BlackFideId "607150"]
[EventDate "2025.06.24"]

1. Nf3 c5 2. e3 Nf6 3. b3 g6 4. Bb2 Bg7 5. Be2 Nc6 6. O-O d5 7. d4 cxd4 8. exd4
O-O 9. Nbd2 Bf5 10. a3 Rc8 11. c4 e6 12. Rc1 h6 13. h3 g5 14. Ne5 dxc4 15. Ndxc4
Na5 16. Bf3 Nxc4 17. bxc4 Be4 18. Bxe4 Nxe4 19. Qd3 Nxf2 20. Rxf2 Bxe5 21. Re1
Bg7 22. Ref1 Qc7 23. c5 b6 24. cxb6 Qxb6 25. Kh1 Rcd8 26. Rd2 Rd5 27. Qe4 Qa5
28. Rdf2 Qd8 29. Bc3 Bxd4 30. Bxd4 Rxd4 31. Qe5 Rd5 32. Qe2 Rd4 33. Rf6 Kg7 34.
Qe5 Kh7 35. Rxf7+ Rxf7 36. Rxf7+ Kg6 37. Qg7+ Kh5 38. Rf1 Rd1 39. Qf7+ Kh4 40.
Qf2+ 1-0

[Event "Titled Tue 24th Jun Early"]
[Site "chess.com INT"]
[Date "2025.06.24"]
[Round "8"]
[White "Mitrabha, Guha"]
[Black "Puzyrevsky, Semyon"]
[Result "0-1"]
[WhiteTitle "GM"]
[BlackTitle "FM"]
[WhiteElo "2515"]
[BlackElo "2292"]
[WhiteFideId "5057000"]
[BlackFideId "24240931"]
[EventDate "2025.06.24"]

1. Nf3 Nf6 2. c4 g6 3. g3 Bg7 4. Bg2 O-O 5. O-O d6 6. Nc3 e5 7. d3 Nc6 8. Rb1 a5
9. a3 Nd7 10. b4 axb4 11. axb4 f5 12. b5 Ne7 13. Bb2 Nc5 14. Ra1 Be6 15. Nd2
Rxa1 16. Qxa1 Bh6 17. Nf3 Qd7 18. Qa7 e4 19. Nd4 exd3 20. Nxe6 Qxe6 21. exd3
Nxd3 22. Ba1 Qxc4 23. Qxb7 Bg7 24. Nd5 Bxa1 25. Nxe7+ Kg7 26. Rxa1 Nxf2 27. Nd5
Qd4 28. Qxc7+ Kh6 29. Qa7 Nh3+ 30. Kh1 Nf2+ 31. Kg1 Nh3+ 32. Kf1 Qd3+ 33. Ke1
Re8+ 34. Ne7 Qc3+ 35. Kd1 Nf2+ 36. Ke2 Ng4 37. Ra2 Qe5+ 38. Kd3 Rxe7 39. Qa4
Qe3+ 40. Kc2 Qc5+ 41. Kd2 Qf2+ 42. Kc3 Qe1+ 43. Kb3 Re3+ 44. Kc4 Qc3+ 45. Kd5
Re5+ 46. Kxd6 Qc5+ 47. Kd7 Re7+ 48. Kd8 Qc7# 0-1

[Event "Titled Tue 24th Jun Early"]
[Site "chess.com INT"]
[Date "2025.06.24"]
[Round "8"]
[White "Terkiewicz, Bruno"]
[Black "Crispin Ferreras, Darvi Abraham"]
[Result "1/2-1/2"]
[WhiteTitle "CM"]
[BlackTitle "CM"]
[WhiteElo "2183"]
[BlackElo "2150"]
[WhiteFideId "21093245"]
[BlackFideId "6402771"]
[EventDate "2025.06.24"]

1. Nf3 d5 2. e3 Nf6 3. c4 e6 4. b3 Be7 5. Bb2 b6 6. Nc3 Bb7 7. d4 O-O 8. cxd5
exd5 9. g3 Re8 10. Bg2 c5 11. O-O Nc6 12. dxc5 Bxc5 13. Rc1 Rc8 14. Nb5 Ba6 15.
a4 Bxb5 16. axb5 Nb4 17. Bh3 Ra8 18. Bd4 Ne4 19. Ra1 Qe7 20. Qe2 Bxd4 21. Nxd4
Qf6 22. Ra4 Nc3 23. Qd2 Nxa4 24. bxa4 a5 25. bxa6 Nxa6 26. Nb5 Rad8 27. Rc1 Nc5
28. Qa2 Ne4 29. Nc7 Re5 30. f4 Rh5 31. Bg4 Rh6 32. Nxd5 Qd6 33. Bf3 Nf6 34. Rc6
Qb8 35. Nxf6+ Rxf6 36. Rxf6 gxf6 37. Bd5 Qc7 38. e4 Kg7 39. Qb2 Qc5+ 40. Kg2
Rxd5 41. exd5 Qxd5+ 42. Kg1 Qc5+ 43. Kg2 Qc6+ 44. Kh3 Qxa4 45. Qxb6 Qd1 46. Qf2
h5 47. Kg2 f5 48. Qf3 Qxf3+ 49. Kxf3 Kf6 50. Ke3 Ke6 51. Kd4 Kd6 52. h3 f6 53.
h4 Kc6 54. Kc4 Kd6 55. Kd4 Kc6 56. Kc4 Kd6 57. Kd4 1/2-1/2

[Event "Titled Tue 24th Jun Early"]
[Site "chess.com INT"]
[Date "2025.06.24"]
[Round "8"]
[White "Cuenca Jimenez, Jose Fernando"]
[Black "Pakleza, Zbigniew"]
[Result "0-1"]
[WhiteTitle "GM"]
[BlackTitle "GM"]
[WhiteElo "2487"]
[BlackElo "2484"]
[WhiteFideId "2255570"]
[BlackFideId "1119290"]
[EventDate "2025.06.24"]

1. d4 d6 2. c4 e5 3. e3 Nd7 4. Nc3 Ngf6 5. g3 Be7 6. Bg2 O-O 7. Nf3 c6 8. e4 Re8
9. O-O Bf8 10. h3 a6 11. a3 b5 12. Re1 bxc4 13. dxe5 dxe5 14. Bf1 Qc7 15. Bxc4
Nc5 16. b4 Be6 17. Qe2 Nb3 18. Bxb3 Bxb3 19. Ng5 a5 20. Rb1 a4 21. Be3 h6 22.
Nf3 Rad8 23. Rbc1 Qb7 24. Nd2 Be6 25. Nxa4 Bxh3 26. Nc5 Qc8 27. Nc4 Ng4 28. Rcd1
h5 29. Nb6 Qc7 30. Nc4 Qe7 31. f3 Nxe3 32. Nxe3 Qg5 33. Kh2 Bc8 34. Ng2 Be7 35.
Qe3 Qg6 36. Nd3 Bg5 37. Qe2 Qf6 38. Nc5 h4 39. Qf2 hxg3+ 40. Qxg3 Bd2 41. Rg1
Rd6 42. Nh4 Red8 43. Kh1 Bf4 44. Qf2 Rxd1 0-1